Trzy prawdziwe i jedno fałszywe – miasta - Statystyki

Ogólne statystyki
  • Ten quiz został rozwiązany 7 717 razy
  • Średni wynik to 7 z 15
Statystyki odpowiedzi
Zagadnienie Odpowiedź % Poprawnych
Włochy Arno
79%
Wielka Bryania Strwth
65%
Rosja Potiomkin
62%
Francja Piscine
54%
Hiszpania Gitega
53%
Maroko Suk
52%
Chiny Syczuan
45%
Indie Vindaloo
41%
Brazylia Cristo Redentor
36%
Republika Południowej Afryki Randstad
36%
Australia Billabong
34%
Turcja Tank
34%
Meksyk Zapatista
33%
Niemcy Hofbräu
32%
Kanada Ice Harbor
28%
Nie znaleziono quizów pasujących do podanych kryteriów
Rozkład punktacji
Procent ludzi z każdym wynikiem
Percentyl według liczby udzielonych odpowiedzi
Twoja historia wyników
Nie rozwiązałeś tego quizu